Statistics for ヨドバシカメラの店舗

Click here to take the quiz!

General Stats

  • This quiz has been taken 29 times
  • The average score is 18 of 24

Answer Stats

Answer% Correct
マルチメディア梅田
100%
マルチメディア仙台
96%
マルチメディア札幌
96%
マルチメディア博多
96%
マルチメディア横浜
92%
マルチメディア京都
88%
マルチメディアAkiba
88%
千葉店
85%
マルチメディア上野
85%
マルチメディア名古屋松坂屋
81%
新宿西口本店
81%
マルチメディア新潟駅前店
81%
マルチメディア川崎ルフロン
81%
八王子店
73%
マルチメディア町田
69%
マルチメディアさいたま新都心駅前店
65%
マルチメディア吉祥寺
65%
マルチメディア宇都宮
62%
マルチメディア新宿東口
58%
マルチメディア錦糸町
54%
マルチメディア京急上大岡
50%
マルチメディア郡山
50%
マルチメディア甲府
46%
アウトレット京急川崎
31%

Score Distribution

Percentile by Number Answered

Percent of People with Each Score

Your Score History

You have not taken this quiz